000 00979nam a2200277Ia 4500
003 GCL
008 140319s9999 xx 000 0 ara d
040 _aGCL /
_cGCL
082 0 4 _a214.32
_bل ا
100 1 _aلويس، برنارد
245 1 0 _aازمة الاسلام :
_bالحرب المقدسة والارهاب غير المقدس /
_cلويس، برنارد
700 1 _aعمار احمد حامد
250 _aالاولى
260 _aسوريا :
_bدار الرضا للنشر ،
_c2006
300 _a120 ص ؛
_c24 سم
490 _aسلسلة الرضا للمعلومات
_v257
650 0 4 _aالاسلام والمجتمع
650 0 4 _aالارهاب
650 0 4 _aالثقافة الاسلامية
650 0 4 _aالاسلام - دفع مطاعن
650 0 4 _aالاسلام والسياسة
650 0 4 _aالارهاب الدولى
650 0 4 _aالاسلام والغرب
650 0 4 _aالاسلام والعنف
942 _2ddc
_cBK
999 _c9917
_d9917